Sándorfalva könyvtára

Elmentve itt :
Bibliográfiai részletek
Szerző: Nyemcsok Éva
Dokumentumtípus: Cikk
Megjelent: 2005-02-14
Sorozat:Délmagyarország 95 No. 37
Kulcsszavak:Sándorfalva, Közgyűjtemények könyvtár Sándorfalva, Könyvtári szolgáltatás információ szolgáltatás Európai Unió
Online Access:http://dmarchiv.bibl.u-szeged.hu/134248
LEADER 00555nab a2200157 i 4500
001 delm134248
005 20191211145648.0
008 191211s2005 hu o 0|| hun d
040 |a SZTE Délmagyarország Archívum  |b hun 
041 |a hun 
100 1 |a Nyemcsok Éva 
245 1 0 |a Sándorfalva könyvtára  |h [elektronikus dokumentum] /  |c  Nyemcsok Éva 
260 |c 2005-02-14 
300 |a 4 
490 0 |a Délmagyarország  |v 95 No. 37 
695 |a Sándorfalva, Közgyűjtemények könyvtár Sándorfalva, Könyvtári szolgáltatás információ szolgáltatás Európai Unió